00554nam a22001337a 4500999001500000003000400015008004100019245005600060250006000116260002400176650002700200942001200227952018100239 c9628d9628OSt201203b ||||| |||| 00| 0 eng d aSadhana Academy Proceedings in Engineering Sciences a2018(Jan Vol.43 No.1, Feb Vol.43 No.2, Mar Vol.43 No.3) aBengalurubSpringer aMechanical Engineering 2ddccBV 00102ddc3Bound Volume40718BTECHMEaPIETbPIETd2020-12-10eSpringerh2018(Jan Vol.43 No.1, Feb Vol.43 No.2, Mar Vol.43 No.3)l0pBV515r2020-12-10 00:00:00w2018-01-09yBV